National Flowers - Statistics

General Stats
  • This quiz has been taken 211 times
  • The average score is 30 of 107
Answer Stats
Country Flower % Correct
Bulgaria | Cyprus | Czech Republic | +5 others Rose
96%
Hungary | Kyrgyzstan | Netherlands | Turkey Tulip
76%
Kazakhstan Lily
74%
Ukraine Sunflower
67%
Sicily* | Slovenia Carnation
59%
Wales Daffodil
54%
Egypt | India Lotus
54%
Scotland Thistle
54%
Austria | Switzerland Edelweiss
52%
France Iris
52%
Honduras | Hong Kong* | Venezuela Orchid
50%
Japan Cherry Blossom
46%
Indonesia | Paraguay | Syria Jasmine
43%
Portugal Lavender
39%
Puerto Rico* Hibiscus
30%
Ireland Shamrock
28%
Estonia Corn-flower
26%
Bangladesh | Guyana Water Lily
26%
Canada Maple Leaf
24%
Ethiopia Calla Lily
22%
Australia Golden Wattle
20%
Finland Lily-of-the-Valley
20%
Yugoslavia* Lily of the Valley
20%
Sweden Linnea
17%
Belgium Red Poppy
17%
Iran Red Rose
17%
England Tudor Rose
17%
Russia Camomile
15%
Belarus Flax
15%
Liberia Pepper
15%
China | Taiwan Plum Blossom
15%
Yemen Arabian Coffee
13%
Bhutan Blue Poppy
13%
Argentina | Uruguay Ceibo
13%
Colombia Christmas Orchid
13%
San Marino Cyclamen
13%
Romania Dog Rose
13%
Zimbabwe Flame Lily
13%
Iceland Mountain Avens
13%
Latvia Oxeye Daisy
13%
Spain Red Carnation
13%
Cuba Butterfly Jasmine
11%
Brazil Cattleya Orchid
11%
Poland Corn Poppy
11%
Germany Knapweed
11%
New Zealand Kowhai
11%
Maldives Pink Rose
11%
Barbados Pride of Barbados
11%
South Africa Protea
11%
South Korea Rose of Sharon
11%
French Polynesia The Tiare
11%
Bohemia* Thyme
11%
Cayman Islands* Wild Banana Orchid
11%
Greece Bear's Breech
9%
Jordan Black Iris
9%
Belize Black Orchid
9%
Bermuda* Blue-Eyed Grass
9%
Laos Champa Flower
9%
Chile Chilean Bellflower
9%
Croatia Iris Croatica
9%
Libya Pomegranate Blossom
9%
Guam* Puti Tai Nobiu
9%
Philippines Sampaguita
9%
Italy Stylized Lily
9%
Tahiti* Tahitian Gardenia
9%
Seychelles Tropicbird Orchid
9%
Guatemala White Nun Orchid
9%
Bahamas | Virgin Islands* Yellow Elder
9%
Kuwait Arfa
7%
Trinidad and Tobago Chaconia
7%
Molossia* Common Sagebrush
7%
Antigua and Barbuda Dagger's Log
7%
British Colombia* Dogwood Tree Flower
7%
Lithuania Herb of Grace
7%
Bolivia | Peru Kantuta
7%
Sri Lanka Nil Mahanel Water Lily
7%
Madagascar Poinciana
7%
Thailand Ratchaphruek
7%
Tonga Red-Blossomed Heilala
7%
Singapore Vanda Miss Joaquim Orchid
7%
Greenland* Willow Herb
7%
Denmark Narguerite Daisy
4%
Jamaica Lignum Vitae (Wood of Life)
2%
Balearic Islands* Varnation
2%
Costa Rica Guaria Morada (Purple Orchid)
0%
No matching quizzes found
Score Distribution
Percent of People with Each Score
Percentile by Number Answered
Your Score History
You have not taken this quiz